99 Problems Chorus - Jay-Z - Statistics

General Stats
  • This quiz has been taken 56 times
  • The average score is 26 of 29
Answer Stats
Lyrics % Correct
I
100%
I
100%
A
98%
A
98%
But
98%
But
98%
Got
98%
Problems
98%
Problems
98%
Problems
98%
Ain't
95%
Ain't
95%
Nine
95%
Nine
95%
Ninety
95%
Ninety
95%
One
95%
One
95%
Bitch
93%
Bitch
93%
You
86%
You
86%
If
82%
Bad
77%
For
77%
Feel
75%
Girl
75%
Son
73%
Having
68%
No matching quizzes found
Score Distribution
Percent of People with Each Score
Percentile by Number Answered
Your Score History
You have not taken this quiz